Física : (Registro nro. 386)

000 -CABECERA
Longitud fija campo de control 00538nam a22001937a 4500
003 - IDENTIFICADOR DELl NÚMERO DE CONTROL
Identificador del número de control OSt
005 - FECHA Y HORA DE LA ÚLTIMA TRANSACCIÓN
Fecha y hora de la última transacción 20150425094917.0
008 - CÓDIGOS DE INFORMACIÓN DE LONGITUD FIJA
Códigos de información de longitud fija 030206s2002 ck 000 0 spa d
020 ## - NÚMERO INTERNACIONAL NORMALIZADO PARA LIBROS
Número Internacional Normalizado para Libros (ISBN) 9688804576
040 ## - FUENTE DE LA CATALOGACIÓN
Centro transcriptor OSt
082 04 - NÚMERO DE LA CLASIFICACIÓN DECIMAL DEWEY
Número de clasificación Decimal 530
Número de documento (Cutter) F574
Número de edición DEWEY 21
100 1# - PUNTO DE ACCESO PRINCIPAL-NOMBRE DE PERSONA
Nombre de persona Fishbane, Paul M.
9 (RLIN) 2199
245 00 - TÍTULO PROPIAMENTE DICHO
Título Física :
Resto del título para ciencias e ingeniería /
Mención de responsabilidad, etc. Paul M. Fishbane; Stephen Gasiorowickz; Stephen T. Thornton
260 ## - PUBLICACIÓN, DISTRIBUCIÓN, ETC. (PIE DE IMPRENTA)
Lugar de publicación, distribución, etc. México :
Nombre del editor, distribuidor, etc. PEARSON,
Fecha de publicación, distribución, etc. 1994.
300 ## - DESCRIPCIÓN FÍSICA
Extensión 1421 p.
490 ## - MENCIÓN DE SERIE
Mención de serie II v.
650 04 - PUNTO DE ACCESO ADICIONAL DE MATERIA - TÉRMINO DE MATERIA
Fuente del encabezamiento o término LEMB
Subdivisión de materia general FÍSICA
9 (RLIN) 2200
942 ## - ENTRADA DE ELEMENTOS AGREGADOS (KOHA)
Fuente de clasificaión o esquema
Koha [por defecto] tipo de item Libro
Existencias
Localización en estanterías Fecha última consulta Fuente de clasificación o esquema Localización permanente Signatura completa Forma de Material Restricciones de uso Asignatura Fecha adquisición Código de barras Disponibilidad Localización actual No para préstamo Número de copia Mostrar en OPAC Tipo de Descarte Fecha de Descarte
Fondo General2013-04-17 Biblioteca Central 530 F574 1994Colección GeneralNULLUSAP2013-04-1702353NULLBiblioteca Central NULLEj. 1NULLNULL2013-04-17
Fondo General2013-04-17 Biblioteca Central 530 F574 1994Colección GeneralNULLUSAP2013-04-1702354NULLBiblioteca Central NULLEj. 2NULLNULL2013-04-17
Fondo General2013-04-17 Biblioteca Central 530 F574 1994Colección GeneralNULLUSAP2013-04-1702355NULLBiblioteca Central NULLEj. 3NULLNULL2013-04-17
Fondo General2013-04-17 Biblioteca Central 530 F574 1994Colección GeneralNULLUSAP2013-04-1702356NULLBiblioteca Central NULLEj. 4NULLNULL2013-04-17
Fondo General2013-04-17 Biblioteca Central 530 F574 1994Colección GeneralNULLUSAP2013-04-1702357NULLBiblioteca Central NULLEj. 5NULLNULL2013-04-17
Fondo General2013-04-17 Biblioteca Central 530 F574 1994Colección GeneralNULLUSAP2013-04-1702358NULLBiblioteca Central NULLEj. 6NULLNULL2013-04-17
Fondo General2013-04-17 Biblioteca Central 530 F574 1994Colección GeneralNULLUSAP2013-04-1702359NULLBiblioteca Central NULLEj. 7NULLNULL2013-04-17
Fondo General2013-04-17 Biblioteca Central 530 F574 1994Colección GeneralNULLUSAP2013-04-1702360NULLBiblioteca Central NULLEj. 8NULLNULL2013-04-17
Fondo General2013-04-17 Biblioteca Central 530 F574 1994Colección GeneralNULLUSAP2013-04-1702361NULLBiblioteca Central NULLEj. 9NULLNULL2013-04-17
Fondo General2013-04-17 Biblioteca Central 530 F574 1994Colección GeneralNULLUSAP2013-04-1702362NULLBiblioteca Central NULLEj. 10NULLNULL2013-04-17

Campus Universitario - Ave. Circunvalación - San Pedro Sula, Honduras, C.A. / Tel: +504 2561.8777 / Fax: +504 2561.8787 / Email: info@usap.edu
Todos los Derechos Reservados. © MMXIII Universidad de San Pedro Sula